书目信息 |
| 书名: | THE DON'T SWEAT GUIDE FOR NEWLYWEDS | |
| 作者: | By the editors of Don's Sweat Press | |
| 分册号: | ||
| 分册名: | 出版地: | New York |
|
| 出版社: | HYDERION | |
| 出版时间: | 2010 | |
| 页数: | 208P | |
| 开本: | 20cm | |
| 丛书名: | ||
| 中图分类号: | ||
| 科图分类号: | ||
| 其他分类号: | TS976.33 | |
| 主题词: | ||
| 电子资源: | ||
| 000 | 00544nam0 2200181 450 | |
| 001 | 052012181060 | |
| 005 | 20121107152606.0 | |
| 008 | 20021229d1997 em y0chiy0121 ea | |
| 020 | @a978-0-7868-9054-5@c$10.95 | |
| 041 | @aeng | |
| 099 | @dTS976.33@eB998 | |
| 100 | @aBy the editors of Don's Sweat Press | |
| 245 | 10 | @aTHE DON'T SWEAT GUIDE FOR NEWLYWEDS@cBy the editors of Don's Sweat Press |
| 260 | @aNew York@bHYDERION@c2010 | |
| 300 | @a208P@c20cm | |
| 521 | @aTHE DON'T SWEAT GUIDE FOR NEWLYWEDS | |
| 905 | @b8507-8 | |
| 905 | @aTSG@dTS976.33@eB998 | |
| THE DON'T SWEAT GUIDE FOR NEWLYWEDS / By the editors of Don's Sweat Press.-New York : HYDERION , 2010 |
| 208P ; 20cm |
| THE DON'T SWEAT GUIDE FOR NEWLYWEDS |
| ISBN 978-0-7868-9054-5$10.95 |
| ● |
| 相关链接 |
|
|
|
正题名:THE DON'T SWEAT GUIDE FOR NEWLYWEDS
索取号:TS976.33/B998
 
预约/预借
| 序号 | 登录号 | 条形码 | 馆藏地/架位号 | 状态 | 备注 |
| 1 | 8507 | 300085075 | 自科库501/ [索取号:TS976.33/B998] | 在馆 | |
| 2 | 8508 | 300085084 | 自科库501/ [索取号:TS976.33/B998] | 在馆 |